Nuestros años verde olivo

Kaydedildi:
Detaylı Bibliyografya
Yazar: Ampuero, Roberto (Yazar)
Materyal Türü: Kitap
Dil:İspanyolca
Baskı/Yayın Bilgisi: Santiago Planeta 2008
Edisyon:7a. ed
Konular:
Etiketler: Etiketle
Etiket eklenmemiş, İlk siz ekleyin!

MARC

LEADER 00000nam a2200000 a 4500
001 UCH3532
003 CL-VaPUC
008 090806e20080500CL |||||||||||||||||spa|d
020 |a 9562474151 
082 0 4 |a Ch863  |b AMP  |2 21 
100 0 |a Ampuero, Roberto  |e author  |9 538843 
245 1 0 |a Nuestros años verde olivo 
250 |a 7a. ed 
300 |a 411 p 
942 |c BK 
945 |d 20090806 00:00:00  |a dcastane 
260 |a Santiago  |b Planeta  |c 2008 
650 0 |a Novelas chilenas   |9 265425 
650 0 |a Literatura chilena   |9 308278 
583 |a last modification  |c 20090806 00:00:00  |k Rodrigo Vera 
999 |c 335019  |d 335017 
952 |0 0  |1 0  |4 0  |6 CH_863_000000000000000_AMP_2008  |7 0  |8 A  |9 424520  |a BIBCUR  |b BIBCUR  |d 2019-11-22  |i 4571797  |o Ch863 AMP 2008  |p 4571797  |r 2025-04-22  |w 2019-11-22  |y BK  |k PER